Top 20 des Albums les plus écouté sur Spotify - Statistiques

Statistiques générales
  • Ce quiz a été pris 97 fois
  • Le résultat moyen est 6 sur 20
Statistiques - réponses
TOP Album Artiste % Correct
1 ÷ Divide Ed Sheeran
69%
14 Starboy The Weeknd
59%
7 X Ed Sheeran
54%
10 After Hours The Weeknd
53%
12 SOUR Olivia Rodrigo
46%
6 Future Nostalgia Dua Lipa
45%
4 Dua Lipa Dua Lipa
39%
15 Views Drake
31%
13 Scorpion Drake
30%
8 WHEN WE ALL FALL ASLEEP, WHERE DO WE GO? Billie Eilish
30%
2 Un verano sin ti Bad Bunny
28%
18 Beauty Behind the Madness The Weeknd
23%
20 dont smile at me (EP) Billie Eillish
23%
3 beerbongs & bentleys Post Malone
22%
11 Purpose Justin Bieber
22%
5 Hollywood's Bleeding Post Malone
20%
9 "?" point interrogation XXXTENTACION (écrire symbole)
13%
16 Stoney Post Malone
13%
19 In The Lonely Hour (Deluxe) Sam Smith
11%
17 YHLQMDLG Bad Bunny
7%
Aucun quiz correspondant
Distribution des résultats
% des personnes avec chaque résultat
Percentile par nombre de réponses
Votre historique - résultats
Vous n’avez pas pris ce quiz